000 00655nam a2200193Ia 4500
003 GCL
008 140319s9999 xx 000 0 ara d
020 _a1416063977
040 _aGCL /
_cGCL
082 0 4 _a372.66
_bع م
100 1 _aعبدالفتاح نجله
245 1 0 _aالمسرح المدرسى والعلاج النفسى /
_cعبدالفتاح نجله
260 _aالقاهرة :
_bدار فرحة للنشر والتوزيع ،
_c2003
300 _a200 ص ؛
_c28 سم
650 0 4 _aالمسرح المدرسى
650 0 4 _aالاطفال - تعليم
650 0 4 _aالسلوك العدوانى للاطفال
942 _2ddc
_cBK
999 _c58156
_d58156